000
00251nam a22000857a 4500
008
160714b xxu||||| |||| 00| 0 eng d
100
_9
2841
_a
Galens, J., et al
245
_a
The Handy Biology Answer Book For Kids
260
_a
Canton
_b
Visible Ink Press
_c
2002
999
_c
2426
_d
2426